All Syrian Wars - Statistics

General Stats
  • This quiz has been taken 30 times
  • The average score is 7 of 13
Answer Stats
Years War % Correct
2011-2024 Civil War
96%
1948-1949 1st Arab–Israeli War
88%
1967 Six-Day War
83%
1990-1991 Gulf War
79%
1925-1927 Great Syrian Revolt
67%
1975-1990 Lebanese Civil War
67%
1941 Syria–Lebanon Campaign
67%
1963-1970 1st Iraqi–Kurdish War
58%
1920 Franco-Syrian War
46%
1970 Invasion of Jordan
29%
1979-1982 Islamist Uprising
25%
1973 October War
25%
1945 Levant Crisis
13%
No matching quizzes found
Score Distribution
Percent of People with Each Score
Percentile by Number Answered
Your Score History
You have not taken this quiz